OCCUPATIONAL DISEASE AND POISONING (Record no. 14676)

MARC details
000 -LEADER
fixed length control field 00318nam a22001457a 4500
003 - CONTROL NUMBER IDENTIFIER
control field SGT
020 ## - INTERNATIONAL STANDARD BOOK NUMBER
International Standard Book Number 81-7473-323-X
082 ## - DEWEY DECIMAL CLASSIFICATION NUMBER
Classification number 615.92
Item number O16H
100 ## - MAIN ENTRY--PERSONAL NAME
Personal name HOSSAIN, A.S.M.T
245 ## - TITLE STATEMENT
Title OCCUPATIONAL DISEASE AND POISONING
260 ## - PUBLICATION, DISTRIBUTION, ETC. (IMPRINT)
Place of publication, distribution, etc DELHI
Name of publisher, distributor, etc AITBS
Year of Publication 2016
300 ## - PAGE DESCRIPTION
No. of Pages 185
650 ## - SUBJECT ADDED ENTRY--TOPICAL TERM
Topical term or geographic name as entry element AYURVEDA
942 ## - ADDED ENTRY ELEMENTS (KOHA)
Source of classification or shelving scheme Dewey Decimal Classification
Koha item type Books
Holdings
Withdrawn status Lost status Source of classification or shelving scheme Damaged status Not for loan Collection code Home library Current library Shelving location Date acquired Vendor Name Cost, normal purchase price SGTU Bill Number Total Checkouts Full call number Accession No. (Barcode) Date last seen Bill Date Koha item type Use restrictions
    Dewey Decimal Classification     AYURVEDA SGT FA-FP Library SGT FA-FP Library Text Book 24/01/2018 AHUJA PUB 150.00 SGTU 9136   615.92 O16H FA7731 24/01/2018 04/01/2018 Books  
    Dewey Decimal Classification     AYURVEDA SGT FA-FP Library SGT FA-FP Library Text Book 24/01/2018 AHUJA PUB 150.00 SGTU 9136   615.92 O16H FA7732 24/01/2018 04/01/2018 Books  
    Dewey Decimal Classification     AYURVEDA SGT FA-FP Library SGT FA-FP Library Text Book 24/01/2018 AHUJA PUB 150.00 SGTU 9136   615.92 O16H FA7733 24/01/2018 04/01/2018 Books  
    Dewey Decimal Classification     AYURVEDA SGT FA-FP Library SGT FA-FP Library Text Book 24/01/2018 AHUJA PUB 150.00 SGTU 9136   615.92 O16H FA7734 24/01/2018 04/01/2018 Books  
    Dewey Decimal Classification     AYURVEDA SGT FA-FP Library SGT FA-FP Library Reference Book 24/01/2018 AHUJA PUB 150.00 SGTU 9136   615.92 O16H FA7735 24/01/2018 04/01/2018 Books Restricted Access